000 00984cab a2200289 4500
001 WB2925-39
008 090401t1993 xxu||||| |||| 00| 0 eng d
035 _a(Sirsi) u62965
041 _aeng
245 _aPriorities for countryside projects
260 _c1993
350 _a0
490 _aPlanning (for the Natural and Built Environment)
_v(1024) 25 June 1993, 7(1)
520 _a"Countryside Management Projects - their operation and practice" (Countryside Commission £4.50) contains guidance on the type of projects to receive priority and the operational and management requirements, which should be demonstrated by projects bidding for funds.
650 _aAONBS
650 _aCOASTLINES
650 _aCOMMUNITY FORESTS
650 _aCOUNTRYSIDE COMMISSION
650 _aFORESTS
650 _aFUNDING
650 _aGRANTS
650 _aTOURISM
650 _aVALUE FOR MONEY
690 _aPLANNING LAW AND PRACTICE
942 _n0
948 _c04/03/1997
999 _c39126
_d39126